Money-go-round : the strange story of money /

Saved in:
Bibliographic Details
Main Author: Floherty, John J. (John Joseph), 1882-
Format: Book
Language:English
Published: Philadelphia : J.B. Lippincott, [1944]
Subjects:
LEADER 00836nam a2200217 a 4500
001 c000311777
003 CARM
005 00000000000000.0
008 950920s1944 pauah 00000 eng
019 1 |a 11853622  |z 27849185  |5 LACONCORD2021 
035 |a (OCoLC)12987898  |5 LACONCORD2021 
050 0 0 |a HG231  |b .F55 
100 1 |a Floherty, John J.  |q (John Joseph),  |d 1882- 
245 1 0 |a Money-go-round :  |b the strange story of money /  |c by John J. Floherty. 
260 |a Philadelphia :  |b J.B. Lippincott,  |c [1944] 
300 |a 189 p. :  |b ill., facsims. ;  |c 24 cm. 
650 0 |a Money  |x History. 
852 8 |b CARM  |h A3:AD36B0  |i B11458  |p 0474234  |f BK 
082 0 4 |a 332.409 
999 f f |i 5b4739d4-dba7-5f2f-a29e-8e465e38492a  |s 9dcc66d0-8215-53ef-8205-4d5bff11f84e 
952 f f |p Can circulate  |a CAVAL  |b CAVAL  |c CAVAL  |d CARM 1 Store  |e B11458  |f A3:AD36B0  |h Other scheme  |i book  |m 0474234